| 000 | 01496cad a22002775a 4500 | ||
|---|---|---|---|
| 001 | L142922 | ||
| 008 | 080319s2008 xxk f g000 0 eng d | ||
| 020 | _a9780117539914 | ||
| 035 | _a(Sirsi) u142922 | ||
| 041 | 0 | _aeng | |
| 050 | 0 | 4 | _a692.2 $2 18 |
| 110 | 1 |
_aUnited Kingdom _bDepartment for Communities and Local Government _94939 |
|
| 245 | 0 | 4 |
_aThe Building Act 1984 _bthe Building Regulations 2000 _bdesignation of certain provisions of the Building Regulations for breaches of which a longer time limit for prosecution applies _bfurther provisions for self-certification _h[electronic resource] |
| 260 |
_aLondon _bTSO _c2008 |
||
| 490 | 0 |
_aDCLG Circular _v03/2008 |
|
| 520 | _aDraws attention to the Building (Amendment) Regulations 2008 (L142923). The Regulations extend the time from six months to two years within which local authorities can bring prosecutions for breaches of designated Building Regulations provisions relating to climate change. The annex to the Circular tabulates the changes made to the Building Regulations by the 2008 Regulation. | ||
| 521 | 2 | _aAdvanced | |
| 590 | _aKA | ||
| 650 | 2 | 4 | _aDCLG CIRCULAR 03/2008 |
| 650 | 2 | 4 | _aBUILDING (AMENDMENT) REGULATIONS 2008 |
| 650 | 2 | 4 | _aBUILDING REGULATIONS 2000 |
| 651 | 4 |
_aEngland and Wales _y1543- |
|
| 690 |
_aBuilding regulations _96224 |
||
| 856 | 4 | 0 |
_uhttps://www.communities.gov.uk/publications/planningandbuilding/circular032008 _zView the Circular free of charge at www.communities.gov.uk... |
| 942 | _n0 | ||
| 999 |
_c108015 _d108015 |
||